Thomas and Friends Quiz Stats

 Plays Quiz Updated Sep 10, 2019

Support Sporcle.
Go Orange.
Score 0/30 Timer 05:00
21 Plays Today
% Correct
Thomas
99.2%
Percy
82.5%
James
78.5%
Gordon
74.1%
Henry
70.9%
Sir Topham Hatt
58.6%
Edward
58.2%
Toby
55.9%
Harold
55.4%
Diesel
52.2%
Bertie
51.1%
Duck
39.8%
Emily
39.7%
Mavis
38.6%
Lady
38.1%
% Correct
Cranky the Crane
36.9%
Daisy
32%
Spencer
31.5%
Salty
30.8%
Rusty
27.9%
Skarloey
26.1%
Harvey
26%
Duncan
25.9%
Lady Hatt
25.8%
Peter Sam
24.8%
Murdoch
24.2%
Elizabeth
21.4%
Fergus
20.6%
Rheneas
19.8%
Derek
17.1%

From the Vault

Cube Maze VII

by GreenGuineaPig

Like a Rubik's cube mixed with a connect the dots puzzle.
Remove Ads.
Support Sporcle.
Get the best of Sporcle when you Go Orange. This ad-free experience offers more features, more stats, and more fun while also helping to support Sporcle. Thank you for becoming a member.

Show Comments

Extras

Top Quizzes Today


Score Distribution

Your Account Isn't Verified!

In order to create a playlist on Sporcle, you need to verify the email address you used during registration. Go to your Sporcle Settings to finish the process.

Report this User

Report this user for behavior that violates our Community Guidelines.

Details: